UITU Library & LRC     

GPS Based Advertisement System (Record no. 32767)

MARC details
000 -LEADER
fixed length control field 00475nam a2200133Ia 4500
008 - FIXED-LENGTH DATA ELEMENTS--GENERAL INFORMATION
fixed length control field 260210s9999 xx 000 0 und d
024 ## - OTHER STANDARD IDENTIFIER
Standard number or code 15B-142-EL, 15B-216-EL, 15B-235-EL & 15B-104-EL
082 ## - DEWEY DECIMAL CLASSIFICATION NUMBER
Classification number 629.4743072 MUH
100 ## - MAIN ENTRY--PERSONAL NAME
Personal name Muhammad Hadir Khan, M. Hamza Zubair, Shahrukh Akhter & Abaque Javed
245 #0 - TITLE STATEMENT
Title GPS Based Advertisement System
260 ## - PUBLICATION, DISTRIBUTION, ETC.
Place of publication, distribution, etc. Karachi:
Name of publisher, distributor, etc. UITU,
Date of publication, distribution, etc. 2015
600 ## - SUBJECT ADDED ENTRY--PERSONAL NAME
Personal name Computer System Engineering
650 ## - SUBJECT ADDED ENTRY--TOPICAL TERM
Topical term or geographic name entry element Bachelor of Engineering (BE)

No items available.

Powered by Koha